Statistics for The 1975 - Girls Lyrics

Click here to take the quiz!

General Stats

  • This quiz has been taken 44 times
  • The average score is 310 of 374

Answer Stats

Answer% Correct
a
100%
A
100%
girl
100%
I
100%
"I
100%
Just
100%
just
100%
the
100%
what
100%
What
100%
"Yo
100%
you"
100%
"You
100%
you
100%
17
96%
break
96%
Break
96%
breaking
96%
(Girls)
96%
(girls)
96%
girls
96%
heart
96%
hearts
96%
she
96%
she's
96%
they're
96%
They're
96%
And
91%
and
91%
be
91%
in
91%
need
91%
"no"
91%
to
91%
can't
87%
go
87%
me
87%
said
87%
your
87%
if
83%
it
83%
it"
83%
"Oh
83%
(Oh)
83%
Oh
83%
old
83%
think
83%
told
83%
told?
83%
year
83%
about
78%
age
78%
better
78%
brother
78%
But
78%
doing
78%
eyes
78%
finding
78%
my
78%
now
78%
Now
78%
out
78%
so
78%
stoned
78%
take
78%
uptight
78%
with
78%
30
74%
Cause
74%
fun
74%
half
74%
of
74%
bright
70%
face
70%
Give
70%
give
70%
help
70%
I'm
70%
nose
70%
not
70%
sit
70%
Worrying
70%
years
70%
you're
70%
around?
65%
Bite
65%
get
65%
God
65%
her
65%
hold
65%
house
65%
I'll
65%
Instead
65%
living
65%
made
65%
make
65%
rest
65%
somebody
65%
spite
65%
Where's
65%
you've
65%
18
61%
blouse
61%
cold
61%
feels
61%
fucking
61%
ground
61%
happened
61%
off
61%
olds
61%
One
61%
persuade
61%
tearing
61%
typical
61%
"Well
61%
making
57%
messing
57%
moment
57%
night
57%
secular
57%
was
57%
Wrestle
57%
changes?"
52%
could
52%
for
52%
hands
52%
know
52%
looking
52%
pair
52%
salvation
52%
saviour"
52%
shouldn't
52%
from
48%
frozen
48%
start
48%
Destined
43%
hard
43%
southern
43%

Score Distribution

Percentile by Number Answered

Percent of People with Each Score

Your Score History

You have not taken this quiz